000 00645nam a22001695i 4500
001 153610
003 ES-MaACL
005 20230906205315.0
008 991111s1883 sp |||| | spa d
040 _aCCPB | B
_bspa
_cCCPB | B
245 0 0 _aEcos de la prensa
_b: recopilación de varios artículos publicados por los periódicos ... referentes al Cuerpo de Infantería de Marina.
260 _aMadrid :
_b[s.n.],
_c1883 (
_fImprenta de D. A. Perez Dubrull)
300 _aXVIII, 329 p. ;
_c22 cm.
610 2 4 _aCuerpo de Infantería de Marina (España)
_9134317
752 _aEspaña -
_dMadrid
852 _aES-MaACL
_jG-12718
_z-- Enc. hol.
999 _c153610
_d153610